| 000 | 00000nam##2200000za#4500 |
| 001 | 9.615558 |
| 003 | CaOODSP |
| 005 | 20200514165630 |
| 007 | ta |
| 008 | 150406|1999||||xxc||||| f|0| 0 eng|d |
| 020 | |a0-662-30245-1 |
| 040 | |aCaOODSP|beng |
| 043 | |an-cn--- |
| 086 | 1 |aNH18-22/99-106E |
| 110 | 2 |aCanada Mortgage and Housing Corporation. |
| 245 | 10|aWind-driven rain study for the Governor's Road project |
| 260 | |aOttawa - Ontario : |bCanada Mortgage and Housing Corporation |c1999. |
| 300 | |a2p. : |bfig. ; |c28 cm. |
| 490 | 1 |aResearch highlight. Technical series |v99-106 |
| 563 | |aPamphlet |
| 590 | |a01-12|b2001-03-23 |
| 690 | 07|aPrecipitation|2gcpds |
| 690 | 07|aWind|2gcpds |
| 690 | 07|aBuildings|2gcpds |
| 775 | 08|tÉtude de la pluie poussée par le vent dans le cadre du projet de Governor's Road |w(CaOODSP)9.625616 |
| 776 | 0#|tWind-driven rain study for the Governor's Road Project |w(CaOODSP)9.580748 |
| 830 | #0|aResearch highlight. Technical series ;|v99-106|w(CaOODSP)9.514826 |
| 986 | |a60975 |